La tradición artística del pueblo vasco (Record no. 59061)

MARC details
000 -LEADER
campo de control de longitud fija 00796nam a2200205 i 4500
001 - NÚMERO DE CONTROL
campo de control 59061
003 - IDENTIFICADOR DE NÚMERO DE CONTROL
campo de control ES-MaACL
005 - FECHA Y HORA DE LA ÚLTIMA TRANSACCIÓN
campo de control 20250824063033.0
007 - CAMPO FIJO DE DESCRIPCIÓN FÍSICA--INFORMACIÓN GENERAL
campo de control de longitud fija t|
008 - DATOS DE LONGITUD FIJA--INFORMACIÓN GENERAL
campo de control de longitud fija 031027s1919 sp ||||1| spa d
100 1# - ENTRADA PRINCIPAL--NOMBRE DE PERSONA
Nombre de persona Echegaray, Carmelo de,
Fechas asociadas al nombre 1865-1925
9 (RLIN) 46523
245 13 - MENCIÓN DEL TÍTULO
Título La tradición artística del pueblo vasco
Resto del título : conferencia de D. Carmelo de Echegaray leída en la Sociedad Filarmónica de Bilbao el día 19 de enero de 1918.
260 ## - PUBLICACIÓN, DISTRIBUCIÓN, ETC.
Lugar de publicación, distribución, etc. Bilbao :
Nombre del editor, distribuidor, etc. [s.n.],
Fecha de publicación, distribución, etc. 1919 (
Fabricante Bilbaína de Artes Gráficas)
300 ## - DESCRIPCIÓN FÍSICA
Extensión 66 p. ;
Dimensiones 25 cm.
500 ## - NOTA GENERAL
Nota general "Conferencias organizadas por la Junta de Cultura Vasca para el ciclo de 1918"
594 ## - Nota al título y mención de responsabilidad
Nota al título y mención de responsabilidad En la cub.: Diputación de Bizkaya.
650 04 - PUNTO DE ACCESO ADICIONAL DE MATERIA--TÉRMINO DE MATERIA
Término de materia o nombre geográfico como elemento de entrada Arte-
Subdivisión geográfica País Vasco
9 (RLIN) 10124
852 ## - LOCALIZACIÓN
Ubicación ES-MaACL
Número de control de estantería 1583-F-18
Holdings
Estatus retirado Estado de pérdida Estado de daño No para préstamo Colección Biblioteca de origen Biblioteca actual Ubicación en estantería Fecha de adquisición Fuente de adquisición Total de préstamos Signatura topográfica completa Código de barras Visto por última vez Precio de reemplazo Tipo de ítem Koha
        Colección de folletos Biblioteca del Ateneo de Madrid Biblioteca del Ateneo de Madrid Depósito folletos 17/01/2008     1583-F-18 1061952 23/02/2023 23/02/2023 Folleto